[Event "FRA-chT Top 12 (Women) GpA"]
[Site "Vandoeuvre"]
[Date "2019.05.05"]
[Round "5.1"]
[White "Le Du, Anaelle"]
[Black "Rapport, Jovana"]
[Result "0-1"]
[WhiteElo "1728"]
[BlackElo "2362"]
[PlyCount "126"]
[EventDate "2019.05.02"]
[EventType "team-tourn"]
[EventRounds "5"]
[EventCountry "FRA"]
[SourceTitle "CBM 190 Extra"]
[Source "ChessBase"]
[SourceDate "2019.07.15"]
[SourceVersion "1"]
[SourceVersionDate "2019.07.15"]
[SourceQuality "1"]
[WhiteTeam "Saint Brieuc (W)"]
[BlackTeam "Montpellier (W)"]
[WhiteTeamCountry "FRA"]
[BlackTeamCountry "FRA"]

1. c4 b6 2. Nf3 Bb7 3. g3 Bxf3 4. exf3 c5 5. d4 cxd4 6. Qxd4 Nc6 7. Qd1 e6 8. a3 Rc8 9. Nd2 Be7 10. Bg2 Ne5 11. Qe2 Qc7 12. b3 Bf6 13. Rb1 b5 14. Bb2 bxc4 15. bxc4 Nc6 16. 0-0 Bxb2 17. Rxb2 Nge7 18. Rfb1 Na5 19. Bf1 0-0 20. Ne4 f5 21. Nd2 f4 22. Rb5 Nf5 23. Qe5 Qxe5 24. Rxe5 Nc6 25. Reb5 Nd6 26. R5b2 Ne5 27. Kg2 Rc7 28. Re1 Ng6 29. Ne4 Nxc4 30. Bxc4 Rxc4 31. Rb7 fxg3 32. hxg3 Ne5 33. f4 Nd3 34. Rd1 Rd4 35. Kg1 a5 36. Ng5 Rd5 37. Rb3 Nxf4 38. Rxd5 Nxd5 39. Rb7 h6 40. Ne4 Rf3 41. Rxd7 Rxa3 42. Nc5 Ra1+ 43. Kg2 Nf6 44. Ra7 e5 45. Nb3 Ra2 46. Rxa5 Rb2 47. Nc5 Rc2 48. Nd3 e4 49. Nf4 Ng4 50. Nh3 e3 51. Ra1 Nxf2 52. Nxf2 Rxf2+ 53. Kh3 e2 54. Re1 Kf7 55. g4 Rf3+ 56. Kg2 Re3 57. Kf2 Re6 58. Kf3 Kf6 59. Rxe2 Rxe2 60. Kxe2 Kg5 61. Kf3 Kh4 62. Kf4 g6 63. Kf3 g5 0-1

[Event "FRA-chT Top 12 (Women) GpA"]
[Site "Vandoeuvre"]
[Date "2019.05.03"]
[Round "3.2"]
[White "Le Du, Anaelle"]
[Black "Gaponenko, Inna"]
[Result "0-1"]
[WhiteElo "1728"]
[BlackElo "2445"]
[PlyCount "74"]
[EventDate "2019.05.02"]
[EventType "team-tourn"]
[EventRounds "5"]
[EventCountry "FRA"]
[SourceTitle "CBM 190 Extra"]
[Source "ChessBase"]
[SourceDate "2019.07.15"]
[SourceVersion "1"]
[SourceVersionDate "2019.07.15"]
[SourceQuality "1"]
[WhiteTeam "Saint Brieuc (W)"]
[BlackTeam "Asnieres (W)"]
[WhiteTeamCountry "FRA"]
[BlackTeamCountry "FRA"]

1. c4 g6 2. g3 Bg7 3. Bg2 c5 4. Nc3 Nc6 5. Nf3 e6 6. d3 Nge7 7. 0-0 0-0 8. Rb1 b6 9. a3 Bb7 10. Bd2 d6 11. b4 Qd7 12. Qc1 Nd4 13. Nxd4 cxd4 14. Bxb7 dxc3 15. Bxa8 cxd2 16. Qxd2 Rxa8 17. Rfc1 Nc6 18. Qd1 Rc8 19. e3 Ne5 20. f4 Nc6 21. Qf3 Ne7 22. g4 e5 23. Rf1 exf4 24. Qxf4 Nc6 25. d4 Re8 26. Rbc1 Nd8 27. h3 Ne6 28. Qg3 Ng5 29. h4 Ne4 30. Qf4 Nf6 31. g5 Re4 32. Qf3 Rg4+ 33. Kf2 Ne4+ 34. Ke2 Ng3+ 35. Kd2 Nxf1+ 36. Rxf1 Rxh4 37. Rf2 h6 0-1

[Event "FRA-ch U12 Girls"]
[Site "Saint Paul Trois Chateaux"]
[Date "2013.05.05"]
[Round "8"]
[White "Le Du, Anaelle"]
[Black "Barbe Asensio, Cyrielle"]
[Result "0-1"]
[WhiteElo "1369"]
[BlackElo "1436"]
[PlyCount "118"]
[EventDate "2013.04.28"]
[EventType "swiss"]
[EventRounds "9"]
[EventCountry "FRA"]
[SourceTitle "CBM 154 Extra"]
[Source "ChessBase"]
[SourceDate "2013.06.25"]
[SourceVersion "2"]
[SourceVersionDate "2013.06.25"]
[SourceQuality "1"]

1. c4 b6 2. Nc3 Bb7 3. Nf3 Nf6 4. g3 e6 5. Bg2 Be7 6. 0-0 0-0 7. Re1 d5 8. Ne5 c5 9. d4 Nbd7 10. Bf4 Qc8 11. cxd5 Nxd5 12. Nxd5 Bxd5 13. Bxd5 exd5 14. dxc5 Nxe5 15. Bxe5 Qf5 16. Bf4 Bxc5 17. Qd3 Qxd3 18. exd3 Rfe8 19. Red1 d4 20. a3 a5 21. Rab1 b5 22. Rdc1 Rac8 23. b4 axb4 24. axb4 Bf8 25. Rd1 h6 26. h4 Re2 27. Kf1 Rcc2 28. Rdc1 Rxf2+ 29. Kg1 Rxc1+ 30. Bxc1 Rf3 31. Kg2 Rxd3 32. Kf2 Kh7 33. Bf4 Rc3 34. Be5 Rc4 35. Ke2 Rxb4 36. Rxb4 Bxb4 37. Bxd4 Bd6 38. Kf3 b4 39. g4 b3 40. Bb2 Be7 41. h5 Bf6 42. Bxf6 gxf6 43. Kf4 b2 44. Kf5 b1Q+ 45. Kxf6 Qf1+ 46. Ke7 Qe2+ 47. Kxf7 Qxg4 48. Kf6 Qg5+ 49. Ke6 Qxh5 50. Kf6 Qg5+ 51. Ke6 h5 52. Kd6 h4 53. Ke6 h3 54. Kd6 h2 55. Ke6 h1R 56. Kd6 Rf1 57. Ke6 Rf6+ 58. Kd7 Qg7+ 59. Ke8 Rf8# 0-1